| 000 | 01119nam a22002537a 4500 | ||
|---|---|---|---|
| 005 | 20080926120316.0 | ||
| 008 | 080926t xxu||||| |||| 00| p hin d | ||
| 010 | _aHIN-84184 | ||
| 020 |
_a8121611075 _c75.00 |
||
| 035 | _aHN-56530 | ||
| 037 | _bDBAD / PUB | ||
| 040 |
_aDPL _bHN |
||
| 082 | _a841 | ||
| 100 | _aपंडित, प्रकाश | ||
| 245 |
_aउर्दू के लोकप्रिय शायरः इक़बाल / _cप्रकाश पंडित |
||
| 246 |
_aUrdu ke lokpriya Shaayar : Iqabal _bby Prakash Pandit |
||
| 260 |
_aनई दिल्ली _bहिन्द पॉकेट बुक्स _c2006 |
||
| 270 |
_aजे-40, जोरब़ाग लेन _bनई दिल्ली _e110003 |
||
| 300 |
_a123पृ _b18सेमी (अजिल्द) |
||
| 650 | _aउर्दू शायरी | ||
| 650 | _aUrdu Poetry | ||
| 942 |
_2ddc _cHN _mपंडित _h841 |
||
| 999 |
_c15724 _d15724 |
||